| 000 | 01207nam a2200217Ia 4500 | ||
|---|---|---|---|
| 003 | Ost | ||
| 005 | 20260507075034.0 | ||
| 008 | 260507s9999||||xx |||||||||||||| ||und|| | ||
| 020 | _a3063029957 | ||
| 040 | _cfsecg | ||
| 041 | _aara | ||
| 082 | _a330 | ||
| 100 |
_aأبو نبعة، عبد العزيز مصطفى _eمؤلف |
||
| 245 | 0 |
_aالمفاهيم الإدارية الحديثة / _c عبد العزيز مصطفى أبو نبعة |
|
| 260 |
_aعمان: _bدار مجدلاوي للنشر, _c2001 |
||
| 300 |
_a267 صفحة؛ _bإيضاحات ؛ _c24 سم |
||
| 520 | _aالنظرية Z اليابانية- نظرية المواقف والإحتمالات- مفهوم بناء التنظيم- مفهوم تنظيم المصفوفة- مفهوم التطوير التنظيمي- مفهوم نظرية النظم- مفهوم الإدارة بالأهداف -الإتجاهات الحديثة في نظرية المكافآت- مفهوم التسويق الحديث- مفهوم تقييم السوق الإقطاعات- الإستشارات طريق الى تحقيق الكفاءة الإدارية | ||
| 653 | _aالإدارة | ||
| 653 | _aالإدارة الحديثة | ||
| 942 | _cكتاب | ||
| 999 |
_c42433 _d42433 |
||